000 00646nab a2200193 4500
001 244442
003 OSt
005 20260114103336.0
007 tu
008 260114s2020|||||||
040 _aDE-2950
_cDE-2950
245 0 0 _aBewerbung um Fördermittel
_bProjekte. Mit Millionen aus einem Bundesprogramm will die Stadt Frankfurt das Stadion der Freundschaft sanieren und eine Turnhalle am OSZ bauen lassen/
_cLisa Larossa
264 _c2025
653 _aFrankfurt (Oder)
653 _aFördermittel
653 _aSportstätten
773 0 _g37. Jahrgang (2026) Nr. 4 vom 06.01.2026 , S. 14 mit Foto
_tMärkische Oderzeitung
942 _2z
_cA
999 _c374195
_d374195